000 00674nam a2200229 a 4500
001 68833
003 BD-RjUL
005 20211209081820.0
008 170405s1963 nyua 000 0 eng
035 _a(BD-RjUL)69044
040 _aDLC
_cDLC
_dBD-RjUL
_beng
041 _aeng
082 0 0 _a591.51
_223
_bFOA 1968
100 1 _aScott, John Paul,
_d1909-2000.
_9203979
245 0 0 _aAnimal behavior /
_cHarper Follansbee
260 _aLexington, Massacchusetts :
_bHeath,
_cc1968
300 _a69 p. :
_bill. ;
_c28 cm.
490 0 _aLaboratory blocks for biology
650 0 _aAnimal behavior.
_9203980
830 _aLaboratory blocks for biology
_9203983
942 _2ddc
_cBK
999 _c68833
_d68833